000 00656cam a22002411a 4500
001 sa 65001455
003 DLC
005 20260227112109.0
008 840926s1961 io ac 000 0 ind
010 _asa 65001455
035 _a(OCoLC)11199429
040 _aDLC
_cOAU
_dMiU
_dDLC
042 _apremarc
043 _aa-io---
050 0 0 _aUB250
_b.T48
100 1 _aThanos, F. E.
245 1 0 _aIntelligence militer /
_coleh F.E. Thanos & Juono.
260 _aBandung :
_bDjambatan,
_c1961.
300 _axiv, 161 p. :
_bill., port. ;
_c20 cm.
650 0 _aMilitary intelligence
_zIndonesia.
650 0 _aMilitary intelligence.
700 0 _aJuono.
999 _c62061
_d62061